Hiệu quả từ " xây dựng trường học thân thiện, học sinh tích cực" tại Đồng Nai

Sparad:
Bibliografiska uppgifter
Huvudupphovsman: Hà, Giang
Materialtyp: Bok
Språk:Undetermined
Ämnen:
Länkar:http://lrc.tdmu.edu.vn/opac/search/detail.asp?aID=2&ID=35676
Taggar: Lägg till en tagg
Inga taggar, Lägg till första taggen!
Thư viện lưu trữ: Trung tâm Học liệu Trường Đại học Thủ Dầu Một
LEADER 00651nam a2200145Ia 4500
001 TDMU_35676
008 210410s9999 xx 000 0 und d
082 |a 005.1 
100 |a Hà, Giang 
245 0 |a Hiệu quả từ " xây dựng trường học thân thiện, học sinh tích cực" tại Đồng Nai 
245 0 |c Hà Giang 
300 |a Tr.40-41 
650 |a Giáo dục; Hiệu quả; Xây dựng; Trường học thân thiện; Học sinh tích cực; Đồng Nai 
856 |u http://lrc.tdmu.edu.vn/opac/search/detail.asp?aID=2&ID=35676 
980 |a Trung tâm Học liệu Trường Đại học Thủ Dầu Một